Famous people from Europe - Map Quiz - Statistics

General Stats
  • This quiz has been taken 236 times
  • The average score is 15 of 44
Answers on the Map
Answers color-coded by a green-red scale on the quiz's map according to % correct below.
 
Answer Stats
Answer % Correct
Cristiano Ronaldo
81%
Arnold Schwarzenegger
79%
Gordon Ramsay
72%
Enrique Iglesias
69%
Björk
65%
Roger Federer
64%
Giannis Antetokounmpo
60%
Heidi Klum
60%
Andrea Bocelli
57%
Jean-Claude Van Damme
57%
Novak Djokovic
55%
Lech Wałęsa
45%
Pierce Brosnan
43%
Nadia Comăneci
40%
Ernő Rubik
39%
Anna Kournikova
38%
Jean-Claude Juncker
38%
Vitali Klitschko
38%
Agnetha Fältskog
35%
Edin Džeko
29%
Arvydas Sabonis
28%
Hristo Stoichkov
28%
Linus Torvalds
28%
Eva Green
26%
Tiësto
26%
Arvo Pärt
25%
Lars Ulrich
25%
Marek Hamšík
25%
Massimo Bonini
25%
Toni Kukoč
23%
Charlotte Casiraghi
22%
Goran Pandev
19%
Stevan Jovetić
19%
Victoria Azarenka
18%
Ismail Kadare
16%
Karel Gott
15%
Dan Balan
13%
Era Istrefi
13%
Tina Weirather
13%
Morten Harket
12%
Tina Maze
10%
Juli Minoves
9%
Tony Drago
9%
Mariss Jansons
6%
No matching quizzes found
Score Distribution
Percent of People with Each Score
Percentile by Number Answered
Your Score History
You have not taken this quiz